| 000 | 01171nam a22002657a 4500 | ||
|---|---|---|---|
| 005 | 20170124103114.0 | ||
| 010 | _aA-498593 | ||
| 020 | _c60.00 | ||
| 035 | _aA-498593 | ||
| 037 | _bCen Lib/Ret | ||
| 040 |
_aDPL _bHN |
||
| 082 |
_a423 _bसचित्र |
||
| 245 |
_aसचित्र प्राथमिक हिंदी शब्दकोष / _cसंपादक अमरनाथ शुक्ल |
||
| 246 |
_aSachitr prathamik hindi shabdkosh / _bsampadak Amarnath Shukal |
||
| 260 |
_aदिल्ली _bशुभकामना कला निकेतन _c1990 |
||
| 270 |
_bदिल्ली _aनवीन शाहदरा _e110032 |
||
| 300 |
_a259पृ.: _c20सेमी(सजिल्द ) _bसचित्र |
||
| 500 | _aपरिशिष्ट शामिल | ||
| 650 |
_aहिन्दी--भाषा _x _z _980392 |
||
| 650 |
_aहिन्दी--भाषा--शब्दकोष _943925 |
||
| 650 |
_aHindi--language _99446 |
||
| 650 |
_aHindi-- language--Dictionary _980393 |
||
| 700 |
_aशुक्ल, अमरनाथ _980394 |
||
| 942 |
_2ddc _cHN _h423 _mसचित्र |
||
| 999 |
_c118480 _d118480 |
||